000 01242nam0a2200349 4500
001 RU\NLR\bibl\533700
005 20250609151928.0
010 _a5-352-00809-6
_95000
021 _aRU
_b2004-33332
_91674
035 _a(NLR Aleph) 000525986
090 _a1322922
_c1322922
100 _a20040625d2004 |||y0rusy50 ca
101 1 _arus
_cfre
102 _aRU
105 _ay |||||||||
200 1 _aСекс и страх
_eЭссе
_fПаскаль Киньяр
_g[Пер. с фр. Ирины Волевич]
210 _aСПб.
_cАзбука-Классика
_d2004
215 _a251, [2] с.
_d18
225 1 _aАзбука-Классика
300 _aНа 4-й с. обл. авт.: П. Киньяр - лауреат Гонкур. премии.
320 _aНа 4-й с. обл. др. произведения авт.
606 0 _aМировоззрение античное
_92171937
_3RU\NLR\auth\661306460
686 _aШ6(4Фр)67-46{Лх1649-100}
686 _aЮ3(0)32
700 1 _aКиньяр
_bП.
_f1948-
_gПаскаль
_4070
801 0 _aRU
_bNLR
_c20040625
_gPSBO
801 1 _aRU
_bNLR
_c20040625
942 _cBOOK
980 _aNB
980 _aSUPPRESS